Reproducible copies of federal tax forms and instructions.

Bibliographic Details
Corporate Author: United States. Internal Revenue Service
Format: Government Document Serial
Language:English
Published: [Washington, D.C.?] : Dept. of the Treasury, Internal Revenue Service : 1998-
Edition:Abridged ed.
Series:Publication (United States. Internal Revenue Service) ; 1132 L.
Subjects:
Online Access:select desired format; select desired issue; then click on "Review selected titles" to view
select desired format; select desired issue; then click on "Review selected titles" to view

MARC

Tag First Indicator Second Indicator Subfields
LEADER 00000cas a2200000 a 4500
001 in00000003169
008 990128c19989999dcuar f0 a0eng d
005 20230309222523.5
010 |a sn 97044022   |z sn 97017118 
035 |a (OCoLC)ocm40694872 
035 |9 AJG2199AM 
035 |a in00000003169 
037 |b Eastern Area Distribution Center, P.O. Box 85074, Richmond, VA 23261-5074 
040 |a YPM  |c YPM  |d GPO  |d DLC  |d MvI  |d UtOrBLW 
042 |a lcd 
043 |a n-us--- 
049 |a UDOC 
074 |a 0956-F 
086 0 |a T 22.57:1132 L/ 
090 |a KF6366  |b .U54 
110 1 |a United States.  |b Internal Revenue Service. 
245 1 0 |a Reproducible copies of federal tax forms and instructions. 
250 |a Abridged ed. 
264 1 |a [Washington, D.C.?] :  |b Dept. of the Treasury, Internal Revenue Service :  |c 1998- 
264 2 |a [Washington, D.C.?] :  |b For sale by the Supt. of Docs., U.S. G.P.O., 
336 |a text  |b txt  |2 rdacontent 
337 |a unmediated  |b n  |2 rdamedia 
338 |a volume  |b nc  |2 rdacarrier 
362 0 |a 1998- 
300 |a volumes :  |b forms ;  |c 28 cm. 
310 |a Annual 
490 1 |a Publication ;  |v 1132 L 
530 |a Some forms and instructions also available via Internet from the IRS web site. 
650 0 |a Income tax  |z United States  |v Forms  |v Periodicals. 
650 0 |a Taxation  |z United States  |v Forms  |v Periodicals. 
787 1 |a United States. Internal Revenue Service.  |t Federal tax forms  |w (DLC) 95655280  |w (OCoLC)29894562 
830 0 |a Publication (United States. Internal Revenue Service) ;  |v 1132 L. 
856 4 2 |u https://purl.fdlp.gov/GPO/LPS541  |z select desired format; select desired issue; then click on "Review selected titles" to view  |t 0 
856 4 2 |u http://www.irs.ustreas.gov/prod/forms%5Fpubs/forms.html  |z select desired format; select desired issue; then click on "Review selected titles" to view  |t 0 
999 |a MARS 
999 f f |i 4e4a2028-7ef7-3589-8e37-61ad427cb83b  |s fef8c1b2-7633-32d4-8977-4ceaf02b6589  |t 0 
952 f f |a Texas A&M University  |b College Station  |c Electronic Resources  |d Available Online  |t 0  |e T 22.57:1132 L/  |h Superintendent of Documents classification 
998 f f |a T 22.57:1132 L/  |t 0  |l Available Online